000 00480nam a22001817a 4500
005 20250911111820.0
008 250909b |||||||| |||| 00| 0 eng d
020 _a978-93-5696-727-4
041 _aeng
082 _a616.15 KAW-E
100 _aKAWTHALKAR, SHRISH M.
_98674
245 _aESSENTIALS OF HEMATOLOGY [ 4TH ED,]
250 _a4TH ED. 2025
260 _aNEW DELHI
_bJAYPEE BROTHERS M P. LTD
_c2025
300 _a641;P
650 _aPARAEDICAL
_98675
942 _cBK
999 _c8805
_d8803